00555nam a22001457a 4500003000500000038001800005082000800023100002900031245018200060264003300242300002300275650001900298700003400317856005800351NUST aNusrat Nadeem a200 aChaudhry, Muhammad Bilal aThe Impact of digital technology on changing consumer behaviors and how to build a top-notch e-commerce business (for the apparel industry) in Pakistan/cMuhammad Bilal Chaudhry aIslamabad;bNBS NUST;c2024. a55,p;billc30,cm. aExecutive MBA  aSupervisor: Dr. Nabeel Safdar u http://10.250.8.41:8080/xmlui/handle/123456789/45562